Statistics for Sight to City: North America #1 [pic]

Click here to take the quiz!

General Stats

  • This quiz has been taken 9 times
  • The average score is 5 of 16

Answer Stats

Answer% Correct
Las Vegas
89%
Québec
78%
St. Louis
78%
Boston
44%
Louisville
44%
Mexico City
44%
Acapulco
33%
Knoxville
33%
Tijuana
22%
Bangor
11%
Berkeley
11%
Hamilton
11%
Lewiston
11%
Buffalo
0%
Butte
0%
Victoria
0%

Score Distribution

Percentile by Number Answered

Percent of People with Each Score

Your Score History

You have not taken this quiz